LEADER 01573nam0-22003971i-450 001 990008467650403321 005 20240517150304.0 035 $aFED01000846765 035 $a(Aleph)000846765FED01 035 $a000846765 100 $a20070212d1991----km-y0itay50------ba 101 0 $aita 102 $aIT 200 1 $aAtti del secondo Convegno internazionale di patologia ambientale e di ecologia$eNapoli, 27-28 ottobre, 1988$forganizzato dall'Associazione italiana di patologia ambientale e di ecologia, dall'Istituto italiano per gli studi filosofici e dall'Associazione Italia Nostra$fa cura di Donato Lauria 210 $aNapoli$c[s.n.]$d1991 215 $a157 p.$d24 cm 300 $aIn testa al front.: Associazione italiana di patologia ambientale e di ecologia 610 0 $aPatologia ambientale 610 0 $aEcologia 610 0 $aAmbiente$aInquinamento 610 0 $aAmbiente e salute 676 $a577$v23$zita 702 1$aLauria,$bDonato 710 12$aConvegno internazionale di patologia ambientale e di ecologia$d<2. ;$f1988 ;$eNapoli>$0427439 712 02$aAssociazione italiana di patologia ambientale e di ecologia 712 02$aIstituto italiano per gli studi filosofici 712 02$aItalia Nostra 801 0$aIT$bUNINA$gRICA$2UNIMARC 901 $aBK 912 $a990008467650403321 952 $a616:504 CON/2 DIR$b1511$fDMECM 952 $aA MIC 1329$b7429/2024$fFAGBC 959 $aDMECM 959 $aFAGBC 996 $aAtti del secondo Convegno internazionale di patologia ambientale e di ecologia$9729937 997 $aUNINA